000 011060000a22002170004500
020 _a1-58802-449-0
082 0 4 _aG 232.954 P4851a
100 1 _aPeterson, Eugene H.
245 1 0 _aAsí hablaba Jesús : sus historias y oraciones / Eugene H. Peterson ; traducido por Silvia Cudich
260 _aMiami, Florida : Patmos
300 _a287 páginas
500 _aTítulo original en inglés: Tell it Slant
501 _aRústico
505 0 0 _aJesús en Samaria -- El prójimo -- El amigo -- El constructor del granero -- El abono -- Charla de sobremesa -- Los hermanos perdidos -- El granuja -- El hombre invisible -- La viuda -- Los pecadores -- El minimalista -- Las seis oraciones de Jesús -- Mateo 6:9-13 -- Mateo 11: 25-26 -- Juan 12.27-28 -- Juan 17 -- Mateo 26. 39, 42 -- Jesús ora desde la cruz: las últimas siete palabras -- La oración en el nombre de Jesús
650 1 4 _aEnseñanzas de Jesús \ Vida de Jesús \ Oraciones (Discursos)
001 18579
942 _cBK
999 _c44997
_d44997
336 _atexto
_btxt
_2rdacontent
337 _2rdamedia
_asin mediación
_bn
338 _2rdacarrier
_avolumen
_bnc